<?xml version="1.0" encoding="UTF-8"?><?xml-stylesheet type="text/xsl" href="static/style.xsl"?><OAI-PMH xmlns="http://www.openarchives.org/OAI/2.0/" xmlns:xsi="http://www.w3.org/2001/XMLSchema-instance" xsi:schemaLocation="http://www.openarchives.org/OAI/2.0/ http://www.openarchives.org/OAI/2.0/OAI-PMH.xsd"><responseDate>2026-04-17T12:08:18Z</responseDate><request verb="GetRecord" identifier="oai:www.recercat.cat:2445/34160" metadataPrefix="marc">https://recercat.cat/oai/request</request><GetRecord><record><header><identifier>oai:recercat.cat:2445/34160</identifier><datestamp>2025-12-05T14:59:49Z</datestamp><setSpec>com_2072_1057</setSpec><setSpec>col_2072_478917</setSpec><setSpec>col_2072_478937</setSpec></header><metadata><record xmlns="http://www.loc.gov/MARC21/slim" xmlns:dcterms="http://purl.org/dc/terms/" xmlns:xsi="http://www.w3.org/2001/XMLSchema-instance" xmlns:doc="http://www.lyncode.com/xoai" xsi:schemaLocation="http://www.loc.gov/MARC21/slim http://www.loc.gov/standards/marcxml/schema/MARC21slim.xsd">
   <leader>00925njm 22002777a 4500</leader>
   <datafield ind2=" " ind1=" " tag="042">
      <subfield code="a">dc</subfield>
   </datafield>
   <datafield ind2=" " ind1=" " tag="720">
      <subfield code="a">Laudo, Xavier</subfield>
      <subfield code="e">author</subfield>
   </datafield>
   <datafield ind2=" " ind1=" " tag="260">
      <subfield code="c">2013-03-08T13:03:32Z</subfield>
   </datafield>
   <datafield ind2=" " ind1=" " tag="260">
      <subfield code="c">2013-03-08T13:03:32Z</subfield>
   </datafield>
   <datafield ind2=" " ind1=" " tag="260">
      <subfield code="c">2006</subfield>
   </datafield>
   <datafield ind2=" " ind1=" " tag="260">
      <subfield code="c">2013-03-08T13:03:32Z</subfield>
   </datafield>
   <datafield ind2=" " ind1=" " tag="520">
      <subfield code="a">«Escriu més ràpid del que jo puc llegir», va dir Nikolas Rose  el Convenor del departament de sociologia de la London School of Economics and Political Science  referint-se a Zygmunt Bauman. Ho va dir en el brindis de la recepció que aquest departament va oferir després de la darrera de les tres lliçons que Bauman va explicar durant el mes de novembre de 2005 a l"Old Theather de la LSE, i l"anècdota no és debades. La crítica recurrent en àmbits acadèmics com ara l"espanyol, segons la qual els darrers llibres de Bauman no fan altra cosa que parafrasejar la idea afortunada de la modernitat líquida, també és compartida a l"acadèmica britànica. I a més, com és habitual en aquelles contrades, es comenta sense embuts en presència de la persona implicada. Que quedi palès, doncs, que aquest text no serà pas un pretext per fer-li un panegíric. Ara bé, les coses com són, malgrat que s"hagi acusat Bauman d"engiponador  i a banda de l"abundància de llibres publicats, i la reiteració constant d"algunes idees  cal dir que els seus continguts no deixen de ser reveladors, alhora que reclamen l"atenció, per a totes les ciències socials.</subfield>
   </datafield>
   <datafield tag="653" ind2=" " ind1=" ">
      <subfield code="a">Alfabetització</subfield>
   </datafield>
   <datafield tag="653" ind2=" " ind1=" ">
      <subfield code="a">Pedagogia</subfield>
   </datafield>
   <datafield tag="653" ind2=" " ind1=" ">
      <subfield code="a">Sociologia de l'educació</subfield>
   </datafield>
   <datafield tag="653" ind2=" " ind1=" ">
      <subfield code="a">Literacy</subfield>
   </datafield>
   <datafield tag="653" ind2=" " ind1=" ">
      <subfield code="a">Pedagogy</subfield>
   </datafield>
   <datafield tag="653" ind2=" " ind1=" ">
      <subfield code="a">Educational sociology</subfield>
   </datafield>
   <datafield ind2="0" ind1="0" tag="245">
      <subfield code="a">Pedagogies de la liquiditat</subfield>
   </datafield>
</record></metadata></record></GetRecord></OAI-PMH>